[Event "NRW U18 op"]
[Site "Olpe"]
[Date "2005.10.02"]
[Round "3.12"]
[White "Heinichen, Nils"]
[Black "Sammon, Matthew"]
[Result "1/2-1/2"]
[WhiteElo "1492"]
[BlackElo "1765"]
[PlyCount "80"]
[EventDate "2005.10.01"]
[EventType "swiss"]
[EventRounds "7"]
[EventCountry "GER"]
[SourceTitle "CBM 108 Extra"]
[Source "ChessBase"]
[SourceDate "2005.11.04"]
[SourceVersion "1"]
[SourceVersionDate "2005.11.04"]
[SourceQuality "1"]

1. e4 d6 2. Nf3 Nf6 3. d3 g6 4. Be2 Bg7 5. 0-0 0-0 6. Nc3 c5 7. Bf4 Nc6 8. Qd2 a6 9. a4 Rb8 10. Nd1 b5 11. axb5 axb5 12. Bh6 Qb6 13. Bxg7 Kxg7 14. Ne3 e6 15. c3 Bb7 16. Ra2 Ra8 17. Rfa1 Na5 18. Qd1 Ra6 19. b4 Nc6 20. bxc5 dxc5 21. Rxa6 Bxa6 22. Rb1 b4 23. Qb3 Ra8 24. Nd2 Qc7 25. g3 Qe5 26. Rc1 Qb8 27. Nc2 Bb5 28. cxb4 Ba4 29. Qc4 Bxc2 30. Qxc2 Nd4 31. Qd1 Qxb4 32. Nf3 Rd8 33. Nxd4 Rxd4 34. Qc2 Nd7 35. f4 c4 36. Qc3 cxd3 37. Qxb4 Rxb4 38. Bxd3 Rd4 39. Rc3 Nc5 40. Rxc5 Rxd3 1/2-1/2

[Event "NRW U18 op"]
[Site "Olpe"]
[Date "2005.10.02"]
[Round "4.15"]
[White "Sammon, Matthew"]
[Black "Klink, Marvin"]
[Result "1/2-1/2"]
[WhiteElo "1765"]
[BlackElo "1462"]
[PlyCount "62"]
[EventDate "2005.10.01"]
[EventType "swiss"]
[EventRounds "7"]
[EventCountry "GER"]
[SourceTitle "CBM 108 Extra"]
[Source "ChessBase"]
[SourceDate "2005.11.04"]
[SourceVersion "1"]
[SourceVersionDate "2005.11.04"]
[SourceQuality "1"]

1. e4 e5 2. Nf3 Nc6 3. Bc4 Bc5 4. c3 Nf6 5. d3 h6 6. 0-0 d6 7. h3 Be6 8. Bxe6 fxe6 9. a4 a6 10. b4 Ba7 11. Bb2 0-0 12. Re1 d5 13. Nbd2 dxe4 14. Nxe4 Nxe4 15. Rxe4 Rf5 16. Qc2 Qf6 17. Rae1 Rf8 18. b5 Rxf3 19. gxf3 Qxf3 20. R1e3 Bxe3 21. Rxe3 Qf4 22. bxc6 bxc6 23. Rg3 h5 24. Bc1 Qf5 25. Qe2 Rf6 26. Qe3 Kf7 27. Qg5 Qxf2+ 28. Kh1 Qf1+ 29. Kh2 Rf2+ 30. Rg2 Rxg2+ 31. Qxg2 Qxc1 1/2-1/2

[Event "NRW Holiday U16"]
[Site "Wewelsburg"]
[Date "2003.09.10"]
[Round "6"]
[White "Sammon, Matthew"]
[Black "Steinbach, Ulrich"]
[Result "1-0"]
[WhiteElo "1545"]
[BlackElo "1297"]
[PlyCount "113"]
[EventDate "2003.09.??"]
[EventType "swiss"]
[EventRounds "7"]
[EventCountry "GER"]
[SourceTitle "EXT 2005"]
[Source "ChessBase"]
[SourceDate "2004.11.15"]
[SourceVersion "1"]
[SourceVersionDate "2004.11.15"]
[SourceQuality "1"]

1. e4 c5 2. c3 e6 3. d4 d5 4. Bd3 dxe4 5. Bxe4 Nf6 6. Bc2 Nc6 7. Nf3 cxd4 8. Nxd4 Bc5 9. Nxc6 Qxd1+ 10. Bxd1 bxc6 11. Bf3 Bd7 12. 0-0 0-0 13. Nd2 Rab8 14. Nb3 Bb6 15. Bf4 Rbd8 16. Rad1 Nd5 17. Bd6 Rfe8 18. Ba3 Ne7 19. Nc5 Bxc5 20. Bxc5 Nd5 21. c4 Nf6 22. Bxa7 Ra8 23. Bd4 Red8 24. Bxf6 gxf6 25. a3 Be8 26. Rxd8 Rxd8 27. Rd1 Rb8 28. h3 Kf8 29. b4 Ke7 30. Rb1 Ra8 31. Rb3 Kd8 32. Kf1 Kc7 33. Ke2 Rd8 34. Ke3 Kb6 35. a4 Rb8 36. a5+ Ka6 37. Kd4 Kb7 38. Kc5 Kc7 39. Be2 e5 40. Rf3 e4 41. Rxf6 e3 42. fxe3 Rd8 43. Bf3 h5 44. Bxh5 Rd3 45. Bxf7 Bxf7 46. Rxf7+ Kb8 47. Kxc6 Rd8 48. b5 Rc8+ 49. Kb6 Ka8 50. a6 Rb8+ 51. Ka5 Rd8 52. b6 Re8 53. Kb5 Kb8 54. c5 Rd8 55. g4 Kc8 56. a7 Rd7 57. a8Q# 1-0

[Event "NRW Holiday U16"]
[Site "Wewelsburg"]
[Date "2003.09.05"]
[Round "1"]
[White "Krutwig, Longlong"]
[Black "Sammon, Matthew"]
[Result "1/2-1/2"]
[WhiteElo "1829"]
[BlackElo "1545"]
[PlyCount "82"]
[EventDate "2003.09.??"]
[EventType "swiss"]
[EventRounds "7"]
[EventCountry "GER"]
[SourceTitle "EXT 2005"]
[Source "ChessBase"]
[SourceDate "2004.11.15"]
[SourceVersion "1"]
[SourceVersionDate "2004.11.15"]
[SourceQuality "1"]

1. d4 d5 2. Nf3 Nf6 3. e3 e6 4. c4 Be7 5. Nc3 a6 6. Bd3 dxc4 7. Bxc4 b5 8. Bd3 Nbd7 9. 0-0 Bb7 10. b3 c5 11. Bb2 0-0 12. Rc1 Rc8 13. Qe2 Nb6 14. dxc5 Bxc5 15. Rfd1 Qe7 16. Ng5 g6 17. Nge4 Nbd5 18. Nxd5 Nxd5 19. Bb1 Ba3 20. h3 Bxb2 21. Qxb2 f5 22. Nc3 Qf6 23. Rxd5 exd5 24. a3 Rc5 25. b4 Rc7 26. Rc2 Rfc8 27. Ne2 Qxb2 28. Rxb2 Kf7 29. Kh2 Re8 30. Rd2 Kf6 31. Ba2 g5 32. Kg3 h5 33. Bb3 h4+ 34. Kh2 Ra8 35. Bc2 a5 36. Bb3 axb4 37. axb4 Ra3 38. Rb2 Ke5 39. Nd4 Ba6 40. Nf3+ Kf6 41. Nd4 Ke5 1/2-1/2